| 000 | 00533nam a2200193Ia 4500 | ||
|---|---|---|---|
| 005 | 20260415160317.0 | ||
| 008 | 008 250505s9999 xx 000 0 eng d | ||
| 037 | _aTextual | ||
| 040 |
_aFEDL _beng _cFEDL |
||
| 041 |
_aeng _2eng |
||
| 084 |
_a504 LAN _qFEDL |
||
| 100 |
_aLankester E Ray _9755574 |
||
| 245 | 0 | _aFireside science | |
| 260 |
_aLondon, UK _bWatts and Co _c1945 |
||
| 300 | _axii,145p | ||
| 490 | _aThe thinker's libraray; 41 | ||
| 942 |
_cTEXL _h504 LAN |
||
| 999 |
_c1321534 _d1321534 |
||